00843nam a2200205 a 450000100100000000500170001000800410002702000150006804000250008324501240010826000410023230000210027349000200029450500440031454600330035870000250039183000270041695201770044399900170062000004016020201002033944.0130812s1975 sp 000 0 spa d a8422008262 aDO-SdBNPbspacBNPHU00aMarxismo y democracia :benciclopedia de conceptos básicos /ccolaboración internacional dirigida por C. D. Kernig. aMadrid :bEdiciones Rioduero,c1975. a146 p. ;c21 cm.1 aSociologíav30 gv. 3 :tInteligencia - seguridad social aMarxismus im systemvergleich1 aKernig, C. D.966433 0aSociologíav3933282 001050718MOaPDbPDcCTd2013-08-12iLF1l0o p40160-10r2020-06-25w2020-06-25y1zPerteneció a la biblioteca personal de Aída Cartagena PortalatínZNo se presta c39650d39650